| 000 | 00833nam a2200217 a 4500 | ||
|---|---|---|---|
| 003 | 0 | ||
| 005 | 20250208112313.0 | ||
| 008 | 120723s19uu xx 00 eng d | ||
| 050 |
_aPGS GV 711 _b.L477 2012 |
||
| 100 | _aLee, Chan Hee. | ||
| 245 |
_aSummer sports and physical fitness practices of grade 6 SISC students / _cChan Hee Lee. |
||
| 260 |
_aLas PiƱas City, Philippines : _bSouthville International School and Colleges, _c2012. |
||
| 300 |
_a40 pages : _billustrations ; _c28 cm. |
||
| 504 | _aIncludes bibliographical references. | ||
| 650 |
_aSports and children _vPhysical fitness benefits. |
||
| 650 |
_aSummer sports programs _vEffects on children. |
||
| 650 | _aPhysical fitness for children. | ||
| 650 |
_aYouth sports _vHealth benefits. |
||
| 650 |
_aSports participation _vImpact on health. |
||
| 942 |
_2lcc _cPASS |
||
| 999 |
_c98777 _d98777 |
||